Missing Word: World War I A-Z Quiz Stats

 Plays Quiz Updated Oct 7, 2014

Challenge
Share
Tweet
Embed
Score 0/26 Timer 04:00
1 Play Today
Hint Missing % Correct
Archduke Franz _____Ferdinand
93.2%
_____ of NationsLeague
90.2%
Tsar _____ IINicholas
84.8%
Kaiser _____ IIWilhelm
80.8%
Treaty of _____ Versailles
77.2%
_____ Lloyd GeorgeDavid
68.3%
October _____Revolution
52.5%
_____ GenocideArmenian
52.1%
Pope Benedict _____XV
51.6%
Battle of the _____Somme
48.8%
_____ EntenteTriple
47.6%
Spring _____Offensive
46.7%
King Victor _____ IIIEmmanuel
41.2%
Hint Missing % Correct
_____ Home Rule MovementIrish
40.8%
Treaty of _____-LitovskBrest
40.6%
Schlieffen _____Plan
39.4%
Battles of the _____Marne
39.1%
Naval Battle of _____Jutland
34.5%
Battles of _____Ypres
34.3%
_____ TelegramZimmermann
34%
_____ PeninsulaGallipoli
30.1%
_____ TruceChristmas
28.7%
July _____ given to SerbiaUltimatum
26.8%
_____ LineHindenburg
10.8%
_____'s New ArmyKitchener
9.6%
_____'s Post CemeteryQuinn
3.8%

Today's Daily Dose

You're not logged in!

Compare scores with friends on all Sporcle quizzes.
OR
Log In

You Might Also Like...

Show Comments

Extras

Top Quizzes Today


Score Distribution

Your Account Isn't Verified!

In order to create a playlist on Sporcle, you need to verify the email address you used during registration. Go to your Sporcle Settings to finish the process.

Report this User

Report this user for behavior that violates our Community Guidelines.

Details: